Biggest city in North Jutland Denmark - Statistics

General Stats
  • This quiz has been taken 14 times
  • The average score is 9 of 15
Answer Stats
Hint Answer % Correct
1 Aalborg
100%
11 Skagen
92%
3 Frederikshavn
75%
6 Brønderslev
67%
2 Hjørring
67%
5 Thisted
67%
10 Aars
58%
14 Hirtshals
58%
7 Hobro
58%
4 Nørresundby
50%
9 Sæby
50%
12 Støvring
50%
15 Aabybro
33%
8 Nykøbing Mors
33%
13 Svenstrup
17%
No matching quizzes found
Score Distribution
Percent of People with Each Score
Percentile by Number Answered
Your Score History
You have not taken this quiz